| 000 | 00000nam##2200000za#4500 |
| 001 | 9.607832 |
| 003 | CaOODSP |
| 005 | 20220328113248 |
| 007 | cr ||||||||||| |
| 008 | 150406|2014||||xxc|||||o f|0| 0 fre|d |
| 020 | |a978-0-660-22849-5 |
| 040 | |aCaOODSP|bfre |
| 043 | |an-cn--- |
| 086 | 1 |aIu172-1/2014-4F-PDF |
| 110 | 1 |aCanada. |bIndustrie Canada. |
| 245 | 10|aL'écart de productivité du travail entre le Canada et les États-Unis est-il creusé surtout par les petits fabricants ou par les grands? : |h[ressource électronique]|bdonnées récentes du secteur de la fabrication / |c[par] Jianmin Tang. |
| 260 | |aOttawa - Ontario : |bIndustrie Canada |cc2014. |
| 300 | |a26p.|bgraphiques, références, tableaux |
| 490 | 1 |aDocuments de travail de la Direction générale de la recherche économique et de l'analyse des politiques|v2014-04 |
| 590 | |a15-11|b2015-03-13 |
| 775 | 08|tAre small or large producers driving the Canada-U.S. labour productivity gap? : |w(CaOODSP)9.580911 |
| 830 | #0|aDocuments de travail de la Direction générale de la recherche économique et de l'analyse des politiques ;|v2014-04|w(CaOODSP)9.504011 |
| 856 | 40|ahttp://publications.gc.ca|qPDF|s847 Ko|uhttps://publications.gc.ca/collections/collection_2015/ic/Iu172-1-2014-4-fra.pdf|y2014-04 |